Một số vấn đề về người đại diện theo pháp luật của đương sự trong tố tụng dân sự /
Kaydedildi:
| Yazar: | |
|---|---|
| Materyal Türü: | Makale |
| Dil: | Vietnamese |
| Konular: | |
| Etiketler: |
Etiketle
Etiket eklenmemiş, İlk siz ekleyin!
|
| Thư viện lưu trữ: | Thư viện Trường Đại học Đà Lạt |
|---|
| LEADER | 00853nam a2200277 4500 | ||
|---|---|---|---|
| 001 | DLU160177608 | ||
| 005 | ##20161110 | ||
| 041 | # | # | |a vie |
| 044 | # | # | |a vn |
| 100 | # | # | |a Nguyễn Thị Hạnh. |
| 245 | # | # | |a Một số vấn đề về người đại diện theo pháp luật của đương sự trong tố tụng dân sự / |c Nguyễn Thị Hạnh. |
| 653 | # | # | |a Đương sự |
| 653 | # | # | |a Người đại diện |
| 653 | # | # | |a Pháp luật |
| 653 | # | # | |a Tố tụng dân sự |
| 773 | # | # | |t Tạp chí Tòa án nhân dân |g Số3, 2011, tr. 35-40 |
| 920 | # | # | |a Phòng Tạp chí -- Trung tâm Thông tin - Thư viện Trường Đại học Đà Lạt |
| 994 | # | # | |a DLU |
| 900 | # | # | |a True |
| 911 | # | # | |a Nguyễn Thị Mai Anh |
| 925 | # | # | |a G |
| 926 | # | # | |a A |
| 927 | # | # | |a BB |
| 980 | # | # | |a Thư viện Trường Đại học Đà Lạt |